Loading...
| History - World | 1 | 3 | 0 | 1 | 45 | 67 | 101.75 | 0 | 3 | 0.00 | 0.00 |
| Literature - World | 1 | 0 | 0 | 0 | 15 | 65 | 65.00 | 0 | 1 | 0.00 | 0.00 |
| Social Science | 0 | 2 | 1 | 0 | 15 | 112 | 115.00 | 0 | 0 | 0.00 | 0.00 |
| History - European | 0 | 2 | 1 | 0 | 15 | 119 | 122.00 | 0 | 0 | 0.00 | 0.00 |
| Visual Arts | 0 | 1 | 0 | 1 | 10 | 140 | 140.00 | 0 | 0 | 0.00 | 0.00 |
| Science - Chemistry | 0 | 1 | 0 | 0 | 10 | 132 | 132.00 | 0 | 0 | 0.00 | 0.00 |
| Science - Other | 0 | 1 | 1 | 0 | 5 | 85 | 85.00 | 0 | 0 | 0.00 | 0.00 |
| History - Ancient | 0 | 1 | 1 | 1 | 5 | 140 | 140.00 | 0 | 0 | 0.00 | 0.00 |
| History - American | 0 | 1 | 2 | 0 | 0 | 99 | 99.00 | 0 | 0 | 0.00 | 0.00 |
| Science - Physics | 0 | 0 | 0 | 0 | 0 | 0.00 | 0 | 0 | 0.00 | 0.00 | |
| Literature - American | 0 | 0 | 0 | 0 | 0 | 0.00 | 0 | 0 | 0.00 | 0.00 |